| 000 | 00925cab a2200277 4500 | ||
|---|---|---|---|
| 001 | ABS55383 | ||
| 008 | 090401t1996 xxu||||| |||| 00| 0 eng d | ||
| 035 | _a(Sirsi) u16086 | ||
| 041 | _aeng | ||
| 100 | _aCastle, P. | ||
| 245 | _aAsbestos | ||
| 260 | _c1996 | ||
| 350 | _a0 | ||
| 490 |
_aMcKenna Law Letter _vSpring 1996, 24-26(3) |
||
| 520 | _aLooks at the development of the law relating to asbestos and considers the scope for liability. Includes case law. | ||
| 650 | _aASBESTOS (LICENSING) REGULATIONS 1983 | ||
| 650 | _aMANAGEMENT-HEALTH AND SAFETY-HAZARDOUS SUBSTANCES-ASBESTOS | ||
| 650 | _aCONTROL OF ASBESTOS AT WORK REGULATIONS 1987 | ||
| 650 |
_aHEALTH AND SAFETY _96244 |
||
| 650 | _aLIABILITY | ||
| 650 | _aREPORTING OF INJURIES, DISEASES AND DANGEROUS OCCURRENCES REGULATIONS 1995 | ||
| 690 | _aBUILT ENVIRONMENT-BUILDING STANDARDS | ||
| 690 | _aLAW | ||
| 942 | _n0 | ||
| 948 | _c04/03/1997 | ||
| 999 |
_c10578 _d10578 |
||